Countries by Images - Statistics

General Stats
  • This quiz has been taken 35 times
  • The average score is 14 of 16
Answer Stats
Picture Answer % Correct
Egypt
100%
Japan
100%
Russia
100%
United States of America
100%
Italy
97%
Mexico
97%
Germany
94%
Brazil
90%
Greece
90%
Denmark
84%
Singapore
84%
United Arab Emirates
84%
Turkey
71%
France
68%
India
68%
Madagascar
61%
No matching quizzes found
Score Distribution
Percent of People with Each Score
Percentile by Number Answered
Your Score History
You have not taken this quiz